| 000 | 01459nam a22002657a 4500 | ||
|---|---|---|---|
| 999 |
_c6062 _d6062 |
||
| 003 | OSt | ||
| 005 | 20260203111518.0 | ||
| 008 | 260203b ||||| |||| 00| 0 eng d | ||
| 020 | _a9781635297522 | ||
| 040 | _cKH8 | ||
| 082 | _aFIC HUN | ||
| 100 |
_aHunter, Neil, _eauthor. |
||
| 245 |
_aCade: _bDarksiders / _cNeil Hunter. |
||
| 260 |
_aIndia ; _bCaliber Books , _c2023. |
||
| 300 |
_a208 pages : _c21 cm. |
||
| 490 | _aCade | ||
| 520 | _aIn mid-21st century America - over-populated cities harbor ordinary citizens who are oppressed by money manipulators, drug pushers and daily violence. And beyond the cities lay vast wastelands of chemically polluted regions teaming with outlaws and mutants. Law enforcement, as it has always been, is seemingly on the brink of collapse against the ever increasing tide of lawlessness, corrupt political officials, and a system that favors the criminal and not the victims. However U.S. Justice Marshal Thomas Jefferson Cade is one of a new breed of law enforcers. Teamed with his Cyborg partner, Janek, an infuriatingly logical masterpiece of engineering, they take on the criminal elements and deal out sentences that the rules of the law does not find so black and white. | ||
| 650 | _aScience fiction | ||
| 650 |
_aDetective _vFiction |
||
| 650 |
_aThriller _vFiction |
||
| 700 |
_aLinaker, Michael R. , _eauthor. |
||
| 700 |
_aNaazare, Manish, _ecover artist. |
||
| 830 | _aCade | ||
| 942 |
_2ddc _cFIC |
||